[Event "FRA-chT2A 0506"]
[Site "France"]
[Date "2005.12.04"]
[Round "4.7"]
[White "Rotman, Nicolas"]
[Black "Restout, Bruce"]
[Result "1/2-1/2"]
[WhiteElo "2121"]
[BlackElo "2031"]
[PlyCount "82"]
[EventDate "2005.10.27"]
[EventType "team-tourn"]
[EventRounds "11"]
[EventCountry "FRA"]
[SourceTitle "EXT 2006"]
[Source "ChessBase"]
[SourceDate "2005.11.24"]
[SourceVersion "1"]
[SourceVersionDate "2005.11.24"]
[SourceQuality "1"]
[WhiteTeam "Evry III"]
[BlackTeam "Saint Lo"]
[WhiteTeamCountry "FRA"]
[BlackTeamCountry "FRA"]

1. e4 e6 2. d4 d5 3. Nc3 Nf6 4. exd5 exd5 5. Bd3 Nc6 6. Nge2 Nb4 7. Bb5+ c6 8. Ba4 b5 9. Bb3 a5 10. a3 Na6 11. 0-0 Bd6 12. Bf4 0-0 13. f3 Re8 14. Bxd6 Qxd6 15. Qd2 Ra7 16. Nf4 Rae7 17. Rf2 a4 18. Ba2 Bf5 19. Re2 Rxe2 20. Ncxe2 h6 21. Ng3 Bh7 22. c3 Nd7 23. Bb1 Bxb1 24. Rxb1 Nb6 25. Nf5 Qf6 26. Ng3 Nc4 27. Qc1 Re3 28. Nh3 Nc7 29. Qc2 g6 30. Nf2 h5 31. Nf1 Re7 32. Nd3 Ne8 33. Re1 Rxe1 34. Nxe1 Ned6 35. Qe2 Qf4 36. Nd3 Qg5 37. Kf2 Kf8 38. Ke1 Nf5 39. g3 Ne7 40. Nd2 Nxd2 41. Qxd2 Qf5 1/2-1/2

[Event "FRA-chT2 0405"]
[Site "France"]
[Date "2005.03.12"]
[Round "8.6"]
[White "Roumegous, Marina"]
[Black "Rotman, Nicolas"]
[Result "1/2-1/2"]
[WhiteElo "2165"]
[BlackElo "2152"]
[PlyCount "32"]
[EventDate "2004.10.10"]
[EventType "team-tourn"]
[EventRounds "11"]
[EventCountry "FRA"]
[SourceTitle "EXT 2006"]
[Source "ChessBase"]
[SourceDate "2005.11.24"]
[SourceVersion "1"]
[SourceVersionDate "2005.11.24"]
[SourceQuality "1"]
[WhiteTeam "Evry II"]
[BlackTeam "Paris Chess XV I"]
[WhiteTeamCountry "FRA"]
[BlackTeamCountry "FRA"]

1. d4 d5 2. Bg5 h6 3. Bh4 c5 4. e3 Qb6 5. Nc3 e6 6. a3 Bd7 7. Rb1 cxd4 8. exd4 Be7 9. Bxe7 Nxe7 10. Nf3 Nbc6 11. Qd2 Rc8 12. Be2 Nf5 13. Na4 Qa5 14. Nc3 Qb6 15. Na4 Qa5 16. Nc3 Qb6 1/2-1/2